000 00290nam a22001337a 4500
008 170616b xxu||||| |||| 00| 0 eng d
020 _a763189
041 _aeng
080 _a32
100 _a20
101 _ashp
245 _aPOLITICAL FORCES IN ARGENTINA
_cSNOW, P.G
942 _2udc
_cBK
999 _c17794
_d17794